Fictional People by U.S. State - Map Quiz - Statistics

General Stats
  • This quiz has been taken 77 times
    76 since last reset
  • The average score is 8 of 50
Answers on the Map
Answers color-coded by a green-red scale on the quiz's map according to % correct below.
 
Answer Stats
Answer % Correct
Eric Cartman
50%
Forrest Gump
48%
Peter Griffin
46%
Tom Sawyer
44%
Walter White
44%
Spiderman
37%
Superman
37%
Scarlett O'Hara
35%
Sheldon Cooper
35%
Napoleon Dynamite
31%
Will Hunting
31%
Kevin McCallister
30%
Meredith Grey
30%
Robocop
28%
Batman
26%
It
26%
Hannah Montana
22%
Marty McFly
22%
Yogi Bear
22%
Andy Taylor
19%
Rory Gilmore
17%
Barbie
13%
Stephen Colbert
13%
Chilly Willy
11%
Garfield
11%
Penny Hofstadter
11%
Jay Gatsby
9%
Freddy Krueger
7%
Hannibal Lecter
7%
Nurse Ratched
7%
Pee-wee Herman
7%
Steven Universe
7%
Daisy Buchanan
6%
Kermit the Frog
6%
Aunt Bee
4%
Bill Henrickson
4%
Desmond Miles
4%
Kate Austen
4%
Mike Doonesbury
4%
Pete Miller
4%
Rocky the Flying Squirrel
4%
Captain Marvel
2%
Havok
2%
Kay Adams-Corleone
2%
Krazy Kat
2%
President Garrison
2%
Raider Rusher
2%
Stan Smith
2%
Thomas Magnum
2%
T.S. Spivet
2%
No matching quizzes found
Score Distribution
Percent of People with Each Score
Percentile by Number Answered
Your Score History
You have not taken this quiz since the last reset